000 00691nam a22002177a 4500
999 _c11564
_d11564
003 OSt
005 20200204105455.0
008 181212b ||||| |||| 00| 0 eng d
022 _a00116009
040 _c0
082 _aDPer 792.805 D19 Mar-Aug 2016 v.90, n.3-8
100 _aKay, Lauren
_933116
245 _aChristopher Vo:
_bthe Broadway dancer teaches 12 fitness classes a week/
_cLauren Kay.
260 _aNew York:
_bDance Media,
_c©Mar- Aug 2016.
300 _av90 n4, page 50.
_bcolored illustrations:
_c25 cm.
500 _aDance magazine
650 _aDance
_933109
_xInstructor.
650 _adance
_vtheraphy
_933153
650 _aPhysical fitness
_933154
942 _2ddc
_cPER